000
00234nam a22000857a 4500
008
160803b xxu||||| |||| 00| 0 eng d
100
_9
6
_a
Verma R
245
_a
Together with Chemistry-XI
260
_a
New Delhi
_b
Rachna Sagar Publication
_c
2013
999
_c
2656
_d
2656